000 00745nam a2200181Ia 4500
008 151018s9999 xx 000 0 und d
082 _bRBASDV30296
_a920
100 _aजयश्री देसाई
245 _aराजयोगी नेता अटलबिहारी वाजपेयी
250 _b1
260 _bचंद्रकला प्रकाशन पुणे
_c1998
300 _a168
600 _aजयश्री देसाई
630 _aराजयोगी नेता अटलबिहारी वाजपेयी
700 _aजयश्री देसाई
730 _aराजयोगी नेता अटलबिहारी वाजपेयी
942 _cBOOK
999 _c1029832
_d1029829